000
00222 a2200097 4500
001
49468
100
_a
Allanpoe
245
_a
Complete Tales & Poems of Poe
260
_a
New York
_b
Modern Library
_c
090
_c
31999
_d
31999
942
_a
NUST-CAE
_c
M
_c
24445
999
_c
284541
_d
284541